000
00334nam a2200133 a 4500
001
4140
005
20140414131941.0
008
090218s19uu xx 00 eng d
050
_a
TR 170
_b
G92 2005
245
_a
Ther Grumpy dragon :
_b
a book about making friends.
650
_a
Friendly
650
_a
Makign friends
999
_c
112593
_d
112593